Essentials of sociology : (Record no. 5291)
[ view plain ]
| 000 -LEADER | |
|---|---|
| fixed length control field | 01022cam a22001814a 4500 |
| 020 ## - INTERNATIONAL STANDARD BOOK NUMBER | |
| ISBN | 0205292992 |
| 020 ## - INTERNATIONAL STANDARD BOOK NUMBER | |
| ISBN | 9780205292998 |
| 050 00 - CALL NUMBER | |
| Classification number | HM51 |
| Item number | .H39794 |
| 100 1# - AUTHOR | |
| Personal name | Henslin, James M. |
| 245 10 - TITLE | |
| Title | Essentials of sociology : |
| Remainder of title | a down-to-earth approach / |
| Statement of responsibility, etc | James M. Henslin. |
| 250 ## - EDITION | |
| Edition statement | 3rd ed. |
| 260 ## - PUBLICATION INFORMATION | |
| Place of publication | Boston : |
| Name of publisher | Allyn and Bacon, |
| Year of publication | c2000. |
| 300 ## - DESCRIPTION | |
| Number of Pages | xxix, 475 p. : |
| Other physical details | ill. (some col.), col. maps ; |
| Dimensions | 26 cm. |
| 500 ## - NOTES | |
| General note | Includes index. |
| 505 ## - FORMATTED CONTENTS NOTE | |
| Table of Content | The sociological perspective --<br/>Culture --<br/>Socialization --<br/>Social structure and social interaction --<br/>Social groups and formal organizations --<br/>Deviance and social control --<br/>Social stratification in global perspective --<br/>Social class in the United States --<br/>Inequalities of race and ethnicity --<br/>Inequalities of gender and age --<br/>Politics and the economy --<br/>Marriage and family --<br/>Education and religion --<br/>Population and urbanization --<br/>Social change: technology, social movements, and the environment. |
| 650 #0 - SUBJECTS | |
| Topical Term | Sociology. |
| 942 ## - ADDED ENTRY ELEMENTS (KOHA) | |
| Koha item type | Books |
| Withdrawn status | Lost status | Collection code | Home library | Current library | Shelving location | Date acquired | Full call number | Accession Number | Koha item type |
|---|---|---|---|---|---|---|---|---|---|
| Reference | Methodist University Library Main | Methodist University Library Main | General Stacks | HM51 .H39794 | 24085 | Books |